000 01445nam a22003494a 4500
001 ebr10064323
003 CaPaEBR
006 m u
007 cr cn|||||||||
008 001030s2001 enk sb 001 0 eng
010 _z 00052928
020 _z052180289X (hbk.)
020 _z0521003954 (pbk.)
040 _aCaPaEBR
_cCaPaEBR
035 _a(OCoLC)56319234
050 1 4 _aHF5474.A2
_bK87 2001eb
082 0 4 _a306.48/2
_221
100 1 _aKurzer, Paulette,
_d1957-
245 1 0 _aMarkets and moral regulation
_h[electronic resource] :
_bcultural change in the European Union /
_cPaulette Kurzer.
260 _aCambridge [England] ;
_aNew York :
_bCambridge University Press,
_c2001.
300 _axii, 210 p.
490 1 _aThemes in European governance
504 _aIncludes bibliographical references (p. 186-205) and index.
533 _aElectronic reproduction.
_bPalo Alto, Calif. :
_cebrary,
_d2013.
_nAvailable via World Wide Web.
_nAccess may be limited to ebrary affiliated libraries.
650 0 _aMarkets
_xMoral and ethical aspects
_zEuropean Union countries.
651 0 _aEuropean Union countries
_xSocial policy.
651 0 _aEurope
_xEconomic integration.
655 7 _aElectronic books.
_2local
710 2 _aebrary, Inc.
830 0 _aThemes in European governance.
856 4 0 _uhttp://site.ebrary.com/lib/rucke/Doc?id=10064323
_zAn electronic book accessible through the World Wide Web; click to view
999 _c48530
_d48530